Dominion Word Chain - Statistics

General Stats
  • This quiz has been taken 38 times
  • The average score is 13 of 24
Answer Stats
Hint Card % Correct
Sauna's friend Avanto
89%
Kills rodents Ratcatcher
89%
Undead turn skipper Lich
83%
Adds Banes Young Witch
83%
Perma-drawer Hireling
80%
Delayed Cellar Grotto
77%
3 card turns Outpost
77%
Likes choice Elder
71%
Loot ball Orb
71%
Sneaky Militia Ninja
69%
Topdecking crown Tiara
66%
Action exchange Swap
51%
Ebbs and flows Tide Pools
51%
Trash, draw, attack Mercenary
46%
Peddler + points Emporium
43%
Treasure storage Bank
34%
Temporary city Encampment
34%
Sacrificial water River Shrine
34%
Double Humble King's Castle
31%
Square, Coffers Plaza
31%
Wrongful lair Den of Sin
26%
Forges treasures Anvil
17%
Plentiful Stockpile Abundance
14%
Topdecks, topchecks Herald
11%
No matching quizzes found
Score Distribution
Percent of People with Each Score
Percentile by Number Answered
Your Score History
You have not taken this quiz